000 01291nam a2200349 i 4500
001 000029431
003 DO-SdBNP
005 20251126121609.0
007 ta
008 110415s2010 dr r 000 f spa d
020 _a9789945020946
040 _aDO-SdBNP
_bspa
_cBNPHU
_erda
041 _aspa
082 4 _aRD863.42
_bP592t 2010
_222
100 1 _aPichardo, José María,
_eautor
_4aut.
_956306
245 1 0 _aTierra adentro /
_cJosé María Pichardo ; prólogo, Alejandro Paulino Ramos ; presentación, Alcides García.
264 4 _aSanto Domingo :
_bArchivo General de Nación,
_c©2010.
300 _a121 páginas ;
_c23 cm.
336 _atexto
_btxt
_2rdacontent
337 _ardamedia
_bn
_2rdamedia
338 _avolumen
_bnc
_2rdacarrier
490 0 _aArchivo General de la Nación
_v104
500 _aIncluye referencias bibliográficas y notas al pie de las páginas.
590 _aInventariado, 2019 / DG
600 1 4 _aCáceres, Ramón,
_d1866-1911
_xNovela
_956307
650 4 _aNovela histórica dominicana.
_9860
650 4 _aLiteratura dominicana.
_967
651 4 _aRepública Dominicana
_xHistoria
_y1844-1930
_xNovela
_956308
700 1 _aPaulino Ramos, Alejandro,
_d1951-
_eprologuista
_4pr.
_9325
910 _aValidado. Control de calidad. EMS
942 _2ddc
_cLBS1
999 _c28923
_d28923